<?xml version="1.0" encoding="UTF-8"?>
<record
    xmlns:xsi="http://www.w3.org/2001/XMLSchema-instance"
    xsi:schemaLocation="http://www.loc.gov/MARC21/slim http://www.loc.gov/standards/marcxml/schema/MARC21slim.xsd"
    xmlns="http://www.loc.gov/MARC21/slim">

  <leader>00731nam a2200217 a 4500</leader>
  <controlfield tag="001">1280</controlfield>
  <controlfield tag="003">CDMR</controlfield>
  <controlfield tag="005">20131106132527.0</controlfield>
  <controlfield tag="008">130130s2002||||sp |||||||||||||||||cat|d</controlfield>
  <datafield tag="020" ind1=" " ind2=" ">
    <subfield code="a">8479358734</subfield>
  </datafield>
  <datafield tag="040" ind1=" " ind2=" ">
    <subfield code="a">CDMR</subfield>
    <subfield code="b">cat</subfield>
    <subfield code="c">CDMR</subfield>
  </datafield>
  <datafield tag="100" ind1="1" ind2=" ">
    <subfield code="9">3378</subfield>
    <subfield code="a">Closa, Francesc</subfield>
  </datafield>
  <datafield tag="245" ind1="1" ind2="0">
    <subfield code="a">Catalanisme i renovaci&#xF3; a la premsa carlina a Lleida</subfield>
    <subfield code="b">: ideologia i poder a El Almog&#xE1;var leridano, El Loredan i l'Almog&#xE1;ver (1890-1910)</subfield>
    <subfield code="c">Francesc Closa ; pr&#xF3;leg de Jaume Barull</subfield>
  </datafield>
  <datafield tag="260" ind1=" " ind2=" ">
    <subfield code="a">Lleida</subfield>
    <subfield code="b">Pag&#xE8;s</subfield>
    <subfield code="c">2002</subfield>
  </datafield>
  <datafield tag="300" ind1=" " ind2=" ">
    <subfield code="a">235 p.</subfield>
  </datafield>
  <datafield tag="490" ind1="0" ind2=" ">
    <subfield code="a">Retall</subfield>
    <subfield code="v">4</subfield>
  </datafield>
  <datafield tag="650" ind1="0" ind2="4">
    <subfield code="9">1635</subfield>
    <subfield code="a">Premsa</subfield>
    <subfield code="z">Lleida</subfield>
    <subfield code="y">1890-1910</subfield>
  </datafield>
  <datafield tag="650" ind1="0" ind2="4">
    <subfield code="9">3379</subfield>
    <subfield code="a">Nacionalisme</subfield>
    <subfield code="z">Catalunya</subfield>
  </datafield>
  <datafield tag="650" ind1="0" ind2="4">
    <subfield code="9">4089</subfield>
    <subfield code="a">Premsa i pol&#xED;tica</subfield>
    <subfield code="z">Catalunya</subfield>
    <subfield code="y">1890-1910</subfield>
  </datafield>
  <datafield tag="942" ind1=" " ind2=" ">
    <subfield code="c">MON</subfield>
    <subfield code="2">udc</subfield>
  </datafield>
  <datafield tag="999" ind1=" " ind2=" ">
    <subfield code="c">1280</subfield>
    <subfield code="d">1280</subfield>
  </datafield>
  <datafield tag="952" ind1=" " ind2=" ">
    <subfield code="0">0</subfield>
    <subfield code="1">0</subfield>
    <subfield code="4">0</subfield>
    <subfield code="7">0</subfield>
    <subfield code="a">CDMR</subfield>
    <subfield code="b">CDMR</subfield>
    <subfield code="d">2013-01-16</subfield>
    <subfield code="l">0</subfield>
    <subfield code="o">Dg /21</subfield>
    <subfield code="p">CDMR13056354</subfield>
    <subfield code="r">2013-05-09</subfield>
    <subfield code="w">2013-05-09</subfield>
    <subfield code="y">MON</subfield>
  </datafield>
</record>
